[Event "GER-ch Seniors 50"]
[Site "Hamburg"]
[Date "2018.07.25"]
[Round "5"]
[White "Esswein, Karlheinz"]
[Black "Selman, Nijaz"]
[Result "1-0"]
[WhiteElo "2076"]
[BlackElo "1948"]
[PlyCount "133"]
[EventDate "2018.07.21"]
[EventType "swiss"]
[EventRounds "9"]
[EventCountry "GER"]
[SourceTitle "CBM 186 Extra"]
[Source "ChessBase"]
[SourceDate "2018.08.24"]
[SourceVersion "1"]
[SourceVersionDate "2018.08.24"]
[SourceQuality "1"]

1. Nf3 b6 2. c4 Bb7 3. Nc3 Nf6 4. d4 g6 5. Qc2 Bg7 6. e4 d6 7. Be2 0-0 8. 0-0 Nc6 9. d5 Nb4 10. Qd1 c6 11. a3 Na6 12. Nd4 Nb8 13. Bg5 Qd7 14. Bf3 h6 15. Be3 Kh7 16. Rc1 c5 17. Nc2 a6 18. Qe2 Qc7 19. Bf4 Nfd7 20. Bg4 Ne5 21. Bh3 Nbd7 22. Bg3 Nf6 23. f4 Ned7 24. a4 Rae8 25. Rce1 Nh5 26. Bh4 Nhf6 27. e5 Ng8 28. Bg3 f5 29. e6 Ndf6 30. Bf2 h5 31. Bh4 Nh6 32. g3 Nfg4 33. Bg2 Ng8 34. h3 N4h6 35. Bf3 Kh8 36. Bg5 Nf6 37. Kh2 Kh7 38. Ne3 Rh8 39. Ng2 Rb8 40. Nh4 Qd8 41. Qd3 Qe8 42. Ra1 a5 43. Rf2 Kg8 44. Kg1 Ba6 45. Kg2 Kh7 46. Bd1 Rf8 47. Bc2 Kg8 48. Rh1 Bb7 49. Kf1 Ba6 50. b3 Ra8 51. Bd1 Kh7 52. Rg2 Kg8 53. Bf3 Rb8 54. Kg1 Nh7 55. g4 Bd4+ 56. Kh2 Nxg5 57. fxg5 Be5+ 58. Kg1 Bd4+ 59. Kh2 Be5+ 60. Rg3 hxg4 61. hxg4 Nxg4+ 62. Bxg4 fxg4 63. Kg2 Bxg3 64. Kxg3 Kg7 65. Ne2 Rh8 66. Qc3+ Kg8 67. Nf4 1-0

[Event "GER-ch Seniors 50"]
[Site "Hamburg"]
[Date "2018.07.23"]
[Round "3"]
[White "Neldner, Frank"]
[Black "Selman, Nijaz"]
[Result "0-1"]
[WhiteElo "1586"]
[BlackElo "1948"]
[PlyCount "72"]
[EventDate "2018.07.21"]
[EventType "swiss"]
[EventRounds "9"]
[EventCountry "GER"]
[SourceTitle "CBM 186 Extra"]
[Source "ChessBase"]
[SourceDate "2018.08.24"]
[SourceVersion "1"]
[SourceVersionDate "2018.08.24"]
[SourceQuality "1"]

1. e4 d6 2. d4 Nf6 3. Nc3 c6 4. Nf3 g6 5. Be2 Bg7 6. 0-0 0-0 7. h3 Qc7 8. Be3 h6 9. e5 Nd5 10. Nxd5 cxd5 11. Bf4 Nd7 12. exd6 exd6 13. c3 Nf6 14. Nh2 Kh7 15. Bd3 Ne4 16. f3 Nf6 17. g4 Qb6 18. Qc1 Ng8 19. Kg2 Be6 20. h4 Kh8 21. b4 Rac8 22. Qd2 Qd8 23. Rad1 Qxh4 24. Bxd6 Rfd8 25. Bg3 Qe7 26. Rfe1 Qf8 27. Bxg6 Bxg4 28. Bb1 Bh5 29. Ng4 Bxg4 30. fxg4 Nf6 31. Bh4 Re8 32. Bxf6 Bxf6 33. Rh1 Kg8 34. Rxh6 Qg7 35. Bf5 Bg5 36. Qxg5 Qxg5 0-1